Welcome to the Holygrace Academy Library

Please use search bar below to get started

OTTACHIRAKU (Record no. 8875)

MARC details
000 -LEADER
fixed length control field 00292nam a22001337a 4500
082 ## - DEWEY DECIMAL CLASSIFICATION NUMBER
Classification number 894.812.3
Item number NID/O
100 ## - MAIN ENTRY--AUTHOR NAME
Personal name NIDHIN KUMAR
245 ## - TITLE STATEMENT
Title OTTACHIRAKU
246 ## - VARYING FORM OF TITLE
Title proper/short title OTTACHIRAKU
Remainder of title OTTACHIRAKU
260 ## - PUBLICATION, DISTRIBUTION, ETC. (IMPRINT)
Place of publication INDIA
Name of publisher MYTHRI
Year of publication 2024
300 ## - PHYSICAL DESCRIPTION
Number of Pages 100
650 ## - SUBJECT ADDED ENTRY--TOPICAL TERM
Topical Term MALAYALAM POETRY
942 ## - ADDED ENTRY ELEMENTS (KOHA)
Koha item type Books
Holdings
Withdrawn status Lost status Collection code Home library Current library Shelving location Date acquired Source of acquisition Cost, normal purchase price Full call number Accession Number Koha item type
    Fiction Main Library Main Library NEW SHELF WITH NEW ENTRY 06/07/2024 COTRIBUTION 160.00 894.812.3 NID/O 13688 Books